Normale Ansicht MARC-Ansicht ISBD

Reproductive Rights in Modern France (Titelsatznr. 72706)

[ MARC ]
MARC-Details
000 -Satzkennung
Kontrollfeld mit fester Länge 03515nam a22003133u 4500
001 - Kontrollnummer
Kontrollfeld drd-4702765
003 - Kontrollnummer Identifier
Kontrollfeld 0
005 - Datum und Zeit der letzten Transaktion
Kontrollfeld 20250910133504.0
007 - Feld mit fester Länge zur physischen Beschreibung - Allgemeine Information
Kontrollfeld mit fester Länge tu
008 - Feld mit fester Länge zur physischen Beschreibung - Allgemeine Angaben
Kontrollfeld mit fester Länge 250910b |||||||| |||| 00| 0 ger d
020 ## - Internationale Standardbuchnummer
Internationale Standardbuchnummer 9780198938880
Verknüpfung 978-0-19-893888-0
040 ## - Katalogisierungsquelle
Original-Katalogisierungsstelle RU-10907106
Katalogisierungssprache ger
Übertragungsstelle RU-10907106
041 ## - Sprachcode
Sprachcode des Textes/der Tonspur oder des separaten Titels eng
100 1# - Haupteintragung - Personenname
Personenname Bracke, Maud Anne
Funktionsbezeichnungscode aut
Funktionsbezeichnung Author
Koha-Normdatenidentnummer 66759
245 10 - Titel
Titel Reproductive Rights in Modern France
Zusatz zum Titel Feminism, Contraception, and Abortion, 1950-1980
Verfasserangabe etc. Maud Anne Bracke
264 ## - Produktion, Veröffentlichung, Distribution, Herstellung und Urheberrechtsvermerk
Herstellungs-, Veröffentlichungs- Vertriebs-, Erzeugungsort Oxford
Produzent, Herausgeber, Distributor, Hersteller Oxford University Press
Datum der Herstellung, der Veröffentlichung, des Vertriebs oder des Urheberschutzvermerks 2025
300 ## - Physische Beschreibung
Umfang 224 S.
336 ## - Inhaltstyp
Inhaltstypterm Text
Inhaltstypcode txt
Quelle rdacontent
337 ## - Medientyp
Bezeichnung des Medientyps ohne Hilfsmittel zu benutzen
Medientypcode n
Quelle rdamedia
338 ## - Datenträgertyp
Datenträgertypbezeichnung Band
Datenträgertypcode nc
Quelle rdacarrier
505 ## - Fußnote zu strukturierten Inhaltsangaben
Fußnote zu strukturierten Inhaltsangaben ACKNOWLEDGEMENTSINTRODUCTION1: Contexts and conceptsPART I. CONTRACEPTION2: Reproductive politics in post-war France (ca. 1945 - 1960)3: The sexual revolution and the legalisation of contraception (1960s)4: Reproduction and contraception in the overseas departments (ca. 1945-1970)PART II. ABORTION5: Feminism and women's reproductive liberty (1970s)6: The law of 19757: The law of 19798: The challenge of Black FeminismCONCLUSION
520 ## - Fußnote zu Zusammenfassungen usw.
Fußnote zur Zusammenfassung usw. The introduction of the principle of women's reproductive liberty in France, tentatively by the family planning movement after 1960 and explicitly by the women's liberation movement after 1970, marked a deep shift, transforming public discourses. Yet this principle remained fiercely contested, and moderate and conservative actors responded by foregrounding notions of 'reproductive responsibility', or the expectation that individuals perform the 'right' sexual and family-making behaviour, benefiting not only themselves and their families, but the nation at large. Such responsibilisation underpinned the legal reforms of the 1960s-70s, framing a notion of reproductive citizenship based on a tension between individual rights and social norms. This book breaks new ground by taking an intersectional approach to the defining moments of this period: the legalisation of contraception (the laws of 1967 and 1974) and the liberalisation of abortion (1975, 1979). Drawing on a wide range of sources and actors - including feminist and family planning movements, government actors, demographers, medical-professional organisations, disability rights groups, and key actors in the overseas departments - Maud Bracke demonstrates how the discourse of responsibilisation allowed actors to distinguish between citizens 'worthy' of reproductive rights and those seen as less worthy. Bracke analyses the distinct regulations regarding contraception in the overseas departments of Guadeloupe and Martinique, framed by racialised anti-natalism. The book also demonstrates that disability rights organisations contributed to the discrediting of the notion of 'eugenic abortion', used among experts and policy-makers until the early 1970s. Furthermore, Bracke goes on to highlight the silence in the feminist movement around both disability rights and race as part of its universalisation of women's conditions of oppression, and analyses the emergence of Black Feminism in late-1970s France. In so doing, the book offers a major contribution to the history of sex, gender, family life, healthcare, demography, and political debate in post-war France, and more generally.
648 ## - Nebeneintragung unter einem Schlagwort - Zeitschlagwort
Zeitschlagwort 1950-1980
Koha-Normdatenidentnummer 22612
650 ## - Nebeneintragung unter einem Schlagwort - Sachschlagwort
Sachschlagwort oder geografischer Name als Eintragungselement Feminismus
650 ## - Nebeneintragung unter einem Schlagwort - Sachschlagwort
Sachschlagwort oder geografischer Name als Eintragungselement Abort
Koha-Normdatenidentnummer 66897
650 ## - Nebeneintragung unter einem Schlagwort - Sachschlagwort
Sachschlagwort oder geografischer Name als Eintragungselement Reproduktion
Koha-Normdatenidentnummer 66898
651 ## - Nebeneintragung unter einem Schlagwort - Geografischer Name
Geografischer Name Frankreich
942 ## - Zusätzliche Felder (Koha)
Koha-Medientyp Monographien
Klassifikation oder Aufstellungssystematik Andere/Generische Klassifikation
Exemplare
Ausgeschieden Verloren Klassifikation oder Aufstellungssystematik Beschädigt Nicht entleihbar Heimatbibliothek Aufenthaltsbibliothek Erwerbungsdatum Inventarnummer Signatur Barcode Letzte Aktivität Preis gültig von Koha-Medientyp
    Andere/Generische Klassifikation     MWN Osteuropa MW Forum Finnland 18/08/2025 25-00045 W 65 D d Bra 75621 18/08/2025 18/08/2025 Monographien